[Event "Masters Tournament (MTO)"]
[Site "Biel, CH"]
[Date "2025.07.14"]
[Round "1"]
[White "Dau Khuong Duy"]
[Black "Leonov, Leonid"]
[Result "1-0"]
[Board "9"]
[WhiteFideId "12424722"]
[BlackFideId "1698052"]
[WhiteTitle "IM"]
[WhiteElo "2456"]
[BlackElo "2089"]
[WhiteTeam "VIE"]
[BlackTeam "AUT"]
[WhiteClock "0:57:43"]
[BlackClock "0:39:08"]
[Variant "Standard"]

1. e4 {[%clk 1:40:51]}  e5 {[%clk 1:39:30]} 2. Nf3 {[%clk 1:41:05]}  Nc6 {[%clk 1:39:54]} 3. Bb5 {[%clk 1:41:25]}  a6 {[%clk 1:40:14]} 4. Ba4 {[%clk 1:41:49]}  d6 {[%clk 1:40:36]} 5. c4 {[%clk 1:39:58]}  Nf6 {[%clk 1:40:25]} 6. Nc3 {[%clk 1:39:15]}  Bg4 {[%clk 1:39:43]} 7. h3 {[%clk 1:39:14]}  Bxf3 {[%clk 1:38:35]} 8. Qxf3 {[%clk 1:39:36]}  Nd7 {[%clk 1:32:10]} 9. Bxc6 {[%clk 1:39:24]}  bxc6 {[%clk 1:32:31]} 10. d3 {[%clk 1:39:46]}  Be7 {[%clk 1:32:19]} 11. O-O {[%clk 1:38:34]}  Rb8 {[%clk 1:29:05]} 12. Rb1 {[%clk 1:37:49]}  Nc5 {[%clk 1:26:28]} 13. b4 {[%clk 1:36:30]}  Ne6 {[%clk 1:26:55]} 14. a4 {[%clk 1:36:35]}  O-O {[%clk 1:24:58]} 15. Be3 {[%clk 1:35:58]}  Nd4 {[%clk 1:17:22]} 16. Bxd4 {[%clk 1:34:02]}  exd4 {[%clk 1:17:46]} 17. Ne2 {[%clk 1:34:19]}  Bf6 {[%clk 1:17:52]} 18. Rfc1 {[%clk 1:27:02]}  Re8 {[%clk 1:09:23]} 19. c5 {[%clk 1:15:59]}  Qe7 {[%clk 1:08:59]} 20. cxd6 {[%clk 1:12:09]}  Qxd6 {[%clk 1:07:46]} 21. Qg3 {[%clk 1:08:32]}  Qe7 {[%clk 0:53:28]} 22. Rxc6 {[%clk 1:03:42]}  Rxb4 {[%clk 0:49:10]} 23. Rxb4 {[%clk 1:02:32]}  Bh4 {[%clk 0:46:58]} 24. Rxc7 {[%clk 0:58:38]}  Qxb4 {[%clk 0:48:11]} 25. Qxh4 {[%clk 0:58:21]}  Qe1+ {[%clk 0:48:33]} 26. Kh2 {[%clk 0:58:47]}  Qxe2 {[%clk 0:48:59]} 27. Rd7 {[%clk 0:57:42]}  Qxd3 {[%clk 0:41:42]} 28. Qe7 {[%clk 0:57:21]}  Rf8 {[%clk 0:39:37]} 29. Rd8 {[%clk 0:57:43]}  a5 {[%clk 0:39:08]} 1-0

[Event "Masters Tournament (MTO)"]
[Site "Biel, CH"]
[Date "2025.07.14"]
[Round "1"]
[White "Cervelli, Eduard"]
[Black "Panchanathan, Magesh Chandran"]
[Result "0-1"]
[Board "10"]
[WhiteFideId "1351800"]
[BlackFideId "5007429"]
[BlackTitle "GM"]
[WhiteElo "2086"]
[BlackElo "2454"]
[WhiteTeam "SUI"]
[BlackTeam "IND"]
[WhiteClock "0:00:00"]
[BlackClock "0:41:00"]
[Variant "Standard"]

1. e4 {[%clk 1:40:56]}  e5 {[%clk 1:30:00]} 2. Nf3 {[%clk 1:41:17]}  Nc6 {[%clk 1:29:49]} 3. Bc4 {[%clk 1:41:39]}  Nf6 {[%clk 1:30:12]} 4. d3 {[%clk 1:42:04]}  Be7 {[%clk 1:30:36]} 5. O-O {[%clk 1:42:25]}  O-O {[%clk 1:31:02]} 6. Nc3 {[%clk 1:42:46]}  d6 {[%clk 1:31:25]} 7. a4 {[%clk 1:43:10]}  a5 {[%clk 1:28:59]} 8. h3 {[%clk 1:39:17]}  h6 {[%clk 1:28:44]} 9. Re1 {[%clk 1:36:43]}  Be6 {[%clk 1:26:07]} 10. Nd5 {[%clk 1:19:13]}  Re8 {[%clk 1:10:49]} 11. c3 {[%clk 1:12:03]}  Bf8 {[%clk 1:05:24]} 12. Nh2 {[%clk 1:09:05]}  Nb8 {[%clk 1:01:10]} 13. Nxf6+ {[%clk 1:08:06]}  Qxf6 {[%clk 1:01:02]} 14. Re3 {[%clk 1:06:22]}  Nd7 {[%clk 0:59:00]} 15. Ng4 {[%clk 1:03:38]}  Qe7 {[%clk 0:49:41]} 16. Bxe6 {[%clk 1:15:51]}  Qxe6 {[%clk 0:48:17]} 17. d4 {[%clk 1:13:44]}  exd4 {[%clk 0:58:05]} 18. cxd4 {[%clk 1:15:00]}  h5 {[%clk 0:58:01]} 19. Nh2 {[%clk 1:13:56]}  d5 {[%clk 0:58:26]} 20. exd5 {[%clk 1:01:46]}  Qxd5 {[%clk 0:58:50]} 21. Nf3 {[%clk 1:01:47]}  Nf6 {[%clk 0:57:33]} 22. Rxe8 {[%clk 0:57:30]}  Rxe8 {[%clk 0:51:15]} 23. Bg5 {[%clk 0:56:42]}  Ne4 {[%clk 0:48:44]} 24. Bf4 {[%clk 0:52:51]}  c6 {[%clk 0:49:01]} 25. Rc1 {[%clk 0:46:18]}  Bb4 {[%clk 0:46:51]} 26. Qd3 {[%clk 0:41:11]}  Nc5 {[%clk 0:44:53]} 27. Qc2 {[%clk 0:39:20]}  Ne6 {[%clk 0:45:17]} 28. Be3 {[%clk 0:35:44]}  Rd8 {[%clk 0:45:17]} 29. Qc4 {[%clk 0:33:09]}  Qxc4 {[%clk 0:44:49]} 30. Rxc4 {[%clk 0:33:32]}  f6 {[%clk 0:45:16]} 31. Kf1 {[%clk 0:32:24]}  Kf7 {[%clk 0:45:40]} 32. Ne1 {[%clk 0:31:00]}  Bxe1 {[%clk 0:42:33]} 33. Kxe1 {[%clk 0:31:20]}  Rd5 {[%clk 0:42:55]} 34. b4 {[%clk 0:19:21]}  Ke7 {[%clk 0:42:46]} 35. bxa5 {[%clk 0:18:16]}  Rxa5 {[%clk 0:43:06]} 36. Rb4 {[%clk 0:18:06]}  Nd8 {[%clk 0:43:31]} 37. Kd2 {[%clk 0:17:57]}  Kd7 {[%clk 0:43:54]} 38. Kd3 {[%clk 0:17:41]}  Kc8 {[%clk 0:44:19]} 39. Rc4 {[%clk 0:16:01]}  Ne6 {[%clk 0:44:34]} 40. g4 {[%clk 0:13:09]}  Rd5 {[%clk 0:44:42]} 41. f4 {[%clk 0:11:57]}  g6 {[%clk 0:44:29]} 42. Ke4 {[%clk 0:11:28]}  f5+ {[%clk 0:43:04]} 43. gxf5 {[%clk 0:10:27]}  gxf5+ {[%clk 0:41:20]} 44. Kf3 {[%clk 0:10:05]}  Rd8 {[%clk 0:40:14]} 45. Kg3 {[%clk 0:08:21]}  Nc7 {[%clk 0:40:38]} 46. Kh4 {[%clk 0:07:39]}  Nd5 {[%clk 0:41:01]} 47. Bc1 {[%clk 0:07:19]}  Kd7 {[%clk 0:41:09]} 48. Rc2 {[%clk 0:05:05]}  Ke6 {[%clk 0:37:40]} 49. Rb2 {[%clk 0:04:24]}  Rd7 {[%clk 0:37:52]} 50. Kxh5 {[%clk 0:01:32]}  Rg7 {[%clk 0:28:57]} 51. Re2+ {[%clk 0:25:06]}  Kf6 {[%clk 1:04:24]} 52. Kh4 {[%clk 0:24:28]}  Rg1 {[%clk 0:53:56]} 53. Bd2 {[%clk 0:20:17]}  Ra1 {[%clk 0:52:22]} 54. a5 {[%clk 0:13:16]}  Ra2 {[%clk 0:52:46]} 55. Rf2 {[%clk 0:10:30]}  Ra4 {[%clk 0:51:23]} 56. Kg3 {[%clk 0:10:34]}  Kg6 {[%clk 0:50:49]} 57. Be1 {[%clk 0:09:28]}  Ra3+ {[%clk 0:47:51]} 58. Rf3 {[%clk 0:08:06]}  Ra1 {[%clk 0:45:59]} 59. Kf2 {[%clk 0:07:30]}  Rb1 {[%clk 0:46:18]} 60. Bd2 {[%clk 0:04:11]}  Nf6 {[%clk 0:46:35]} 61. Ke2 {[%clk 0:01:20]}  Kf7 {[%clk 0:46:19]} 62. Ra3 {[%clk 0:01:22]}  Ne4 {[%clk 0:46:19]} 63. Be1 {[%clk 0:01:17]}  Rb2+ {[%clk 0:45:36]} 64. Kd3 {[%clk 0:01:20]}  Rh2 {[%clk 0:45:17]} 65. Kc4 {[%clk 0:01:43]}  Rh1 {[%clk 0:45:04]} 66. Bb4 {[%clk 0:01:04]}  Rc1+ {[%clk 0:43:48]} 67. Bc3 {[%clk 0:00:38]}  Ke6 {[%clk 0:43:55]} 68. Kd3 {[%clk 0:00:33]}  Rh1 {[%clk 0:44:13]} 69. Bb2 {[%clk 0:00:37]}  Rxh3+ {[%clk 0:42:30]} 70. Kc4 {[%clk 0:00:41]}  Rh2 {[%clk 0:42:40]} 71. Ba1 {[%clk 0:00:35]}  Nd6+ {[%clk 0:41:06]} 72. Kb3 {[%clk 0:00:32]}  Rh3+ {[%clk 0:41:00]} 73. Ka2 {[%clk 0:00:00]} 0-1

[Event "Masters Tournament (MTO)"]
[Site "Biel, CH"]
[Date "2025.07.14"]
[Round "1"]
[White "Baenziger, Fabian"]
[Black "Yang, Ray"]
[Result "1/2-1/2"]
[Board "11"]
[WhiteFideId "1330110"]
[BlackFideId "3220281"]
[WhiteTitle "IM"]
[BlackTitle "FM"]
[WhiteElo "2450"]
[BlackElo "2081"]
[WhiteTeam "SUI"]
[BlackTeam "AUS"]
[WhiteClock "0:26:39"]
[BlackClock "0:07:54"]
[Variant "Standard"]

1. c4 {[%clk 1:40:33]}  c6 {[%clk 1:40:50]} 2. Nf3 {[%clk 1:40:20]}  d5 {[%clk 1:40:33]} 3. e3 {[%clk 1:40:37]}  Nf6 {[%clk 1:41:30]} 4. Nc3 {[%clk 1:40:42]}  e6 {[%clk 1:41:39]} 5. b3 {[%clk 1:37:56]}  Bd6 {[%clk 1:39:04]} 6. Bb2 {[%clk 1:38:02]}  O-O {[%clk 1:38:51]} 7. d4 {[%clk 1:37:59]}  Nbd7 {[%clk 1:38:40]} 8. Be2 {[%clk 1:38:16]}  Re8 {[%clk 1:36:45]} 9. O-O {[%clk 1:37:14]}  h6 {[%clk 1:31:28]} 10. Qc2 {[%clk 1:35:33]}  dxc4 {[%clk 1:26:02]} 11. bxc4 {[%clk 1:32:52]}  e5 {[%clk 1:26:18]} 12. h3 {[%clk 1:28:42]}  exd4 {[%clk 1:25:28]} 13. exd4 {[%clk 1:22:39]}  Nf8 {[%clk 1:22:59]} 14. Rfe1 {[%clk 1:12:07]}  Ng6 {[%clk 1:14:23]} 15. Rad1 {[%clk 1:11:29]}  Qa5 {[%clk 1:07:48]} 16. c5 {[%clk 1:02:32]}  Bf8 {[%clk 1:01:14]} 17. Bc4 {[%clk 1:00:31]}  Rxe1+ {[%clk 1:07:32]} 18. Rxe1 {[%clk 1:00:53]}  Nf4 {[%clk 0:54:36]} 19. Qb3 {[%clk 0:38:56]}  Qc7 {[%clk 1:04:01]} 20. Bc1 {[%clk 0:35:02]}  Ne6 {[%clk 1:01:36]} 21. Ne5 {[%clk 0:37:17]}  b5 {[%clk 0:56:40]} 22. cxb6 {[%clk 0:33:03]}  Qxb6 {[%clk 0:53:35]} 23. Qxb6 {[%clk 0:28:21]}  axb6 {[%clk 0:57:16]} 24. Nxc6 {[%clk 0:28:48]}  Bb7 {[%clk 0:53:53]} 25. Ne5 {[%clk 0:16:09]}  Bb4 {[%clk 0:49:02]} 26. Bb2 {[%clk 0:01:22]}  b5 {[%clk 0:42:56]} 27. Bxb5 {[%clk 0:07:56]}  Nd5 {[%clk 0:29:42]} 28. Rc1 {[%clk 0:07:48]}  Ndf4 {[%clk 0:29:28]} 29. a3 {[%clk 0:04:43]}  Bxa3 {[%clk 0:27:01]} 30. Bxa3 {[%clk 0:05:08]}  Rxa3 {[%clk 0:27:25]} 31. d5 {[%clk 0:03:46]}  Nxd5 {[%clk 0:25:41]} 32. Nxd5 {[%clk 0:03:57]}  Bxd5 {[%clk 0:26:05]} 33. Be8 {[%clk 0:01:24]}  Ng5 {[%clk 0:19:43]} 34. Rc8 {[%clk 0:01:13]}  Kh7 {[%clk 0:14:33]} 35. h4 {[%clk 0:01:24]}  Ra1+ {[%clk 0:11:33]} 36. Kh2 {[%clk 0:01:50]}  Ne4 {[%clk 0:10:05]} 37. Nxf7 {[%clk 0:01:41]}  Nxf2 {[%clk 0:08:11]} 38. Ne5 {[%clk 0:02:03]}  Rh1+ {[%clk 0:07:25]} 39. Kg3 {[%clk 0:02:30]}  Ne4+ {[%clk 0:07:32]} 40. Kf4 {[%clk 0:02:30]}  Rf1+ {[%clk 0:04:41]} 41. Ke3 {[%clk 0:02:51]}  Re1+ {[%clk 0:04:21]} 42. Kd3 {[%clk 0:28:02]}  Nf2+ {[%clk 0:18:53]} 43. Kd4 {[%clk 0:28:21]}  Rd1+ {[%clk 0:19:16]} 44. Ke3 {[%clk 0:28:48]}  Re1+ {[%clk 0:19:28]} 45. Kf4 {[%clk 0:29:03]}  Be4 {[%clk 0:13:26]} 46. Bb5 {[%clk 0:22:39]}  Bxg2 {[%clk 0:14:41]} 47. Nd3 {[%clk 0:19:06]}  g5+ {[%clk 0:12:08]} 48. hxg5 {[%clk 0:21:24]}  hxg5+ {[%clk 0:12:32]} 49. Kg3 {[%clk 0:20:38]}  Nxd3 {[%clk 0:11:50]} 50. Bxd3+ {[%clk 0:21:04]}  Be4 {[%clk 0:12:00]} 51. Kf2 {[%clk 0:21:20]}  Bxd3 {[%clk 0:12:03]} 52. Kxe1 {[%clk 0:21:44]}  Kg6 {[%clk 0:11:55]} 53. Rc5 {[%clk 0:22:06]}  g4 {[%clk 0:11:23]} 54. Kf2 {[%clk 0:22:34]}  Be4 {[%clk 0:11:27]} 55. Kg3 {[%clk 0:23:02]}  Bf3 {[%clk 0:11:35]} 56. Kf4 {[%clk 0:23:28]}  Kg7 {[%clk 0:10:03]} 57. Ra5 {[%clk 0:23:44]}  Kf6 {[%clk 0:09:36]} 58. Ra6+ {[%clk 0:24:11]}  Kg7 {[%clk 0:09:33]} 59. Kf5 {[%clk 0:24:32]}  Kh7 {[%clk 0:08:42]} 60. Ra7+ {[%clk 0:24:04]}  Kh8 {[%clk 0:08:20]} 61. Rd7 {[%clk 0:23:05]}  g3 {[%clk 0:05:42]} 62. Kg6 {[%clk 0:22:56]}  Be4+ {[%clk 0:06:01]} 63. Kh6 {[%clk 0:23:20]}  Kg8 {[%clk 0:06:09]} 64. Rg7+ {[%clk 0:23:40]}  Kh8 {[%clk 0:05:57]} 65. Rxg3 {[%clk 0:22:42]}  Bh7 {[%clk 0:06:08]} 66. Rh3 {[%clk 0:23:39]}  Be4 {[%clk 0:05:44]} 67. Rc3 {[%clk 0:23:27]}  Bh7 {[%clk 0:05:47]} 68. Rc7 {[%clk 0:23:50]}  Bg8 {[%clk 0:06:10]} 69. Kg6 {[%clk 0:24:17]}  Bd5 {[%clk 0:06:12]} 70. Rh7+ {[%clk 0:24:36]}  Kg8 {[%clk 0:06:30]} 71. Rd7 {[%clk 0:24:54]}  Be4+ {[%clk 0:06:42]} 72. Kf6 {[%clk 0:25:19]}  Kh8 {[%clk 0:06:45]} 73. Kf7 {[%clk 0:25:44]}  Bc2 {[%clk 0:06:46]} 74. Rb7 {[%clk 0:26:05]}  Bd3 {[%clk 0:06:59]} 75. Rb4 {[%clk 0:26:20]}  Bc2 {[%clk 0:07:02]} 76. Rb8+ {[%clk 0:26:31]}  Kh7 {[%clk 0:07:10]} 77. Rb2 {[%clk 0:26:56]}  Bg6+ {[%clk 0:07:30]} 78. Kf6 {[%clk 0:27:25]}  Bd3 {[%clk 0:07:44]} 79. Rd2 {[%clk 0:27:13]}  Bc4 {[%clk 0:07:15]} 80. Rd4 {[%clk 0:27:07]}  Bb3 {[%clk 0:07:23]} 81. Rd2 {[%clk 0:27:25]}  Kh8 {[%clk 0:07:08]} 82. Kg6 {[%clk 0:27:24]}  Bc4 {[%clk 0:07:20]} 83. Rd4 {[%clk 0:27:15]}  Bb3 {[%clk 0:07:31]} 84. Rd8+ {[%clk 0:27:31]}  Bg8 {[%clk 0:07:54]} 85. Kh6 {[%clk 0:26:39]} 1/2-1/2

[Event "Masters Tournament (MTO)"]
[Site "Biel, CH"]
[Date "2025.07.14"]
[Round "1"]
[White "Hu, Yu A."]
[Black "Banh Gia Huy"]
[Result "1-0"]
[Board "12"]
[WhiteFideId "8609993"]
[BlackFideId "12424714"]
[BlackTitle "IM"]
[WhiteElo "2079"]
[BlackElo "2445"]
[WhiteTeam "CHN"]
[BlackTeam "VIE"]
[WhiteClock "0:09:03"]
[BlackClock "0:01:21"]
[Variant "Standard"]

1. e4 {[%clk 1:40:52]}  c5 {[%clk 1:40:52]} 2. Nf3 {[%clk 1:41:05]}  e6 {[%clk 1:41:18]} 3. d4 {[%clk 1:40:06]}  cxd4 {[%clk 1:41:16]} 4. Nxd4 {[%clk 1:40:29]}  Nf6 {[%clk 1:41:41]} 5. Nc3 {[%clk 1:40:15]}  Nc6 {[%clk 1:42:08]} 6. Ndb5 {[%clk 1:38:35]}  Bc5 {[%clk 1:41:03]} 7. Bf4 {[%clk 1:30:10]}  O-O {[%clk 1:41:18]} 8. Bc7 {[%clk 1:29:48]}  Qe7 {[%clk 1:41:30]} 9. Bd6 {[%clk 1:29:40]}  Bxd6 {[%clk 1:41:58]} 10. Qxd6 {[%clk 1:29:32]}  Qd8 {[%clk 1:42:21]} 11. Qc7 {[%clk 1:28:03]}  d5 {[%clk 1:40:03]} 12. exd5 {[%clk 1:22:18]}  exd5 {[%clk 1:38:29]} 13. Qxd8 {[%clk 1:22:38]}  Rxd8 {[%clk 1:31:45]} 14. Ne2 {[%clk 1:12:35]}  a6 {[%clk 1:29:02]} 15. Nbd4 {[%clk 1:12:52]}  Re8 {[%clk 1:29:05]} 16. Rd1 {[%clk 1:06:28]}  Nxd4 {[%clk 1:20:23]} 17. Rxd4 {[%clk 1:06:51]}  Bf5 {[%clk 1:20:43]} 18. c3 {[%clk 1:07:00]}  Bb1 {[%clk 1:10:15]} 19. a4 {[%clk 0:41:07]}  Ne4 {[%clk 0:50:52]} 20. Rxd5 {[%clk 0:50:41]}  Rac8 {[%clk 0:34:57]} 21. h4 {[%clk 0:27:09]}  Nc5 {[%clk 0:40:47]} 22. Rh3 {[%clk 0:27:16]}  Nxa4 {[%clk 0:40:18]} 23. Kd2 {[%clk 0:11:34]}  Be4 {[%clk 0:24:44]} 24. Rd4 {[%clk 0:27:16]}  Nc5 {[%clk 0:23:28]} 25. Nc1 {[%clk 0:27:25]}  Bf5 {[%clk 0:21:18]} 26. Re3 {[%clk 0:26:26]}  Rxe3 {[%clk 0:21:21]} 27. fxe3 {[%clk 0:19:35]}  h5 {[%clk 0:19:22]} 28. Be2 {[%clk 0:12:44]}  g6 {[%clk 0:14:06]} 29. Bf3 {[%clk 0:20:55]}  b5 {[%clk 0:06:33]} 30. Bd5 {[%clk 0:11:15]}  Re8 {[%clk 0:06:25]} 31. Nb3 {[%clk 0:09:05]}  Na4 {[%clk 0:04:00]} 32. e4 {[%clk 0:11:18]}  Be6 {[%clk 0:04:23]} 33. Kc2 {[%clk 0:11:18]}  Kf8 {[%clk 0:02:01]} 34. Nd2 {[%clk 0:10:00]}  Ke7 {[%clk 0:02:20]} 35. b3 {[%clk 0:08:47]}  Nc5 {[%clk 0:01:54]} 36. b4 {[%clk 0:07:25]}  Na4 {[%clk 0:01:59]} 37. c4 {[%clk 0:04:11]}  Rc8 {[%clk 0:00:33]} 38. Kb3 {[%clk 0:01:25]}  Nb6 {[%clk 0:00:43]} 39. Bxe6 {[%clk 0:00:52]}  fxe6 {[%clk 0:01:06]} 40. c5 {[%clk 0:00:45]}  Nd7 {[%clk 0:01:35]} 41. Kc3 {[%clk 0:30:39]}  a5 {[%clk 0:25:42]} 42. bxa5 {[%clk 0:30:04]}  Nxc5 {[%clk 0:22:00]} 43. Kb4 {[%clk 0:30:54]}  e5 {[%clk 0:21:40]} 44. Rd5 {[%clk 0:31:02]}  Na6+ {[%clk 0:20:07]} 45. Kb3 {[%clk 0:28:47]}  Nc5+ {[%clk 0:22:25]} 46. Ka3 {[%clk 0:28:59]}  Kf6 {[%clk 0:13:25]} 47. Rd6+ {[%clk 0:28:14]}  Ne6 {[%clk 0:08:01]} 48. Nf3 {[%clk 0:21:32]}  Ke7 {[%clk 0:06:52]} 49. Rd5 {[%clk 0:19:27]}  Rc4 {[%clk 0:04:48]} 50. Rxb5 {[%clk 0:21:57]}  Nc5 {[%clk 0:04:49]} 51. Nxe5 {[%clk 0:21:38]}  Ra4+ {[%clk 0:05:12]} 52. Kb2 {[%clk 0:22:01]}  Kd6 {[%clk 0:03:22]} 53. Nf7+ {[%clk 0:15:52]}  Kc6 {[%clk 0:03:48]} 54. Rb6+ {[%clk 0:16:18]}  Kc7 {[%clk 0:04:11]} 55. Rxg6 {[%clk 0:14:54]}  Rxe4 {[%clk 0:03:00]} 56. g3 {[%clk 0:14:12]}  Re3 {[%clk 0:02:28]} 57. Nd6 {[%clk 0:13:25]}  Kd7 {[%clk 0:01:49]} 58. Nc4 {[%clk 0:14:15]}  Re4 {[%clk 0:00:57]} 59. Nb6+ {[%clk 0:13:56]}  Ke7 {[%clk 0:00:56]} 60. a6 {[%clk 0:11:12]}  Re2+ {[%clk 0:00:34]} 61. Kc3 {[%clk 0:08:44]}  Ra2 {[%clk 0:00:48]} 62. a7 {[%clk 0:09:08]}  Kf7 {[%clk 0:01:08]} 63. Rh6 {[%clk 0:08:07]}  Kg7 {[%clk 0:01:23]} 64. Rxh5 {[%clk 0:08:29]}  Ne4+ {[%clk 0:00:49]} 65. Kd4 {[%clk 0:08:25]}  Nxg3 {[%clk 0:00:52]} 66. Rg5+ {[%clk 0:08:47]}  Kh6 {[%clk 0:01:21]} 67. a8=Q {[%clk 0:09:03]} 1-0

[Event "Masters Tournament (MTO)"]
[Site "Biel, CH"]
[Date "2025.07.14"]
[Round "1"]
[White "Gloeckler, Christian"]
[Black "Lilliehook, Victor"]
[Result "1-0"]
[Board "13"]
[WhiteFideId "34608966"]
[BlackFideId "1752103"]
[WhiteTitle "FM"]
[WhiteElo "2439"]
[BlackElo "2074"]
[WhiteTeam "GER"]
[BlackTeam "SWE"]
[WhiteClock "0:29:34"]
[BlackClock "0:31:37"]
[Variant "Standard"]

1. e4 {[%clk 1:40:57]}  c5 {[%clk 1:40:55]} 2. Nf3 {[%clk 1:41:20]}  Nc6 {[%clk 1:41:21]} 3. Nc3 {[%clk 1:41:43]}  e5 {[%clk 1:41:30]} 4. Bc4 {[%clk 1:42:06]}  Be7 {[%clk 1:41:29]} 5. d3 {[%clk 1:42:29]}  d6 {[%clk 1:40:43]} 6. Nd2 {[%clk 1:42:52]}  Nf6 {[%clk 1:41:09]} 7. Nf1 {[%clk 1:43:15]}  Bg4 {[%clk 1:41:36]} 8. f3 {[%clk 1:43:33]}  Be6 {[%clk 1:41:59]} 9. Ne3 {[%clk 1:43:57]}  O-O {[%clk 1:41:58]} 10. O-O {[%clk 1:44:06]}  Nh5 {[%clk 1:42:10]} 11. Ncd5 {[%clk 1:40:51]}  Bg5 {[%clk 1:42:21]} 12. c3 {[%clk 1:40:05]}  Kh8 {[%clk 1:32:41]} 13. g3 {[%clk 1:33:50]}  Bxe3+ {[%clk 1:29:49]} 14. Bxe3 {[%clk 1:25:04]}  f5 {[%clk 1:00:16]} 15. f4 {[%clk 1:16:23]}  exf4 {[%clk 0:55:34]} 16. Qxh5 {[%clk 1:06:02]}  fxe3 {[%clk 0:50:58]} 17. Nxe3 {[%clk 0:36:20]}  Bxc4 {[%clk 1:13:39]} 18. Nxc4 {[%clk 0:34:00]}  d5 {[%clk 1:07:33]} 19. Ne3 {[%clk 0:26:33]}  dxe4 {[%clk 1:03:28]} 20. dxe4 {[%clk 0:20:36]}  Qd3 {[%clk 0:54:48]} 21. Rae1 {[%clk 0:17:14]}  fxe4 {[%clk 0:51:13]} 22. Qxc5 {[%clk 0:30:39]}  Rfe8 {[%clk 0:48:16]} 23. Rd1 {[%clk 0:28:06]}  Qa6 {[%clk 0:46:51]} 24. Nd5 {[%clk 0:28:08]}  Qxa2 {[%clk 0:37:50]} 25. Nc7 {[%clk 0:27:49]}  Re5 {[%clk 0:37:32]} 26. Rd5 {[%clk 0:28:05]}  Rg8 {[%clk 0:35:26]} 27. Rxe5 {[%clk 0:28:25]}  Nxe5 {[%clk 0:35:50]} 28. Qxe5 {[%clk 0:28:46]}  Qxb2 {[%clk 0:34:30]} 29. Ne6 {[%clk 0:28:46]}  Qb6+ {[%clk 0:34:15]} 30. Kg2 {[%clk 0:29:05]}  h6 {[%clk 0:32:12]} 31. Rf8 {[%clk 0:28:55]}  Qxe6 {[%clk 0:33:23]} 32. Qxe6 {[%clk 0:29:17]}  Rxf8 {[%clk 0:33:49]} 33. Qxe4 {[%clk 0:29:34]}  Rc8 {[%clk 0:33:19]} 34. c4 {[%clk 0:29:14]}  b6 {[%clk 0:32:31]} 35. Qe7 {[%clk 0:29:14]}  a5 {[%clk 0:32:28]} 36. Qe6 {[%clk 0:29:24]}  Ra8 {[%clk 0:31:37]} 37. Qc6 {[%clk 0:29:34]} 1-0

[Event "Masters Tournament (MTO)"]
[Site "Biel, CH"]
[Date "2025.07.14"]
[Round "1"]
[White "Haugner, Jan"]
[Black "Adewumi, Tanitoluwa"]
[Result "0-1"]
[Board "14"]
[WhiteFideId "24655244"]
[BlackFideId "30966396"]
[BlackTitle "FM"]
[WhiteElo "2066"]
[BlackElo "2397"]
[WhiteTeam "GER"]
[BlackTeam "USA"]
[WhiteClock "0:26:43"]
[BlackClock "0:57:31"]
[Variant "Standard"]

1. e4 {[%clk 1:40:57]}  c5 {[%clk 1:40:48]} 2. Nf3 {[%clk 1:41:23]}  e6 {[%clk 1:41:09]} 3. c3 {[%clk 1:41:43]}  Nf6 {[%clk 1:41:31]} 4. e5 {[%clk 1:41:46]}  Nd5 {[%clk 1:41:58]} 5. a3 {[%clk 1:41:52]}  b6 {[%clk 1:40:43]} 6. d4 {[%clk 1:42:04]}  cxd4 {[%clk 1:40:34]} 7. cxd4 {[%clk 1:39:32]}  Ba6 {[%clk 1:40:04]} 8. Bxa6 {[%clk 1:39:34]}  Nxa6 {[%clk 1:37:53]} 9. h4 {[%clk 1:36:10]}  Be7 {[%clk 1:38:28]} 10. h5 {[%clk 1:34:57]}  Rc8 {[%clk 1:34:39]} 11. Nbd2 {[%clk 1:21:53]}  Qc7 {[%clk 1:21:50]} 12. h6 {[%clk 1:14:25]}  g6 {[%clk 1:27:57]} 13. Ne4 {[%clk 1:14:03]}  Qc2 {[%clk 1:26:01]} 14. Qxc2 {[%clk 1:10:37]}  Rxc2 {[%clk 1:26:28]} 15. Kd1 {[%clk 1:02:44]}  Rc4 {[%clk 1:08:50]} 16. Bg5 {[%clk 1:07:54]}  Nb8 {[%clk 1:06:54]} 17. Rc1 {[%clk 0:50:15]}  Rxc1+ {[%clk 1:06:52]} 18. Kxc1 {[%clk 0:50:43]}  Nc6 {[%clk 0:57:05]} 19. Bxe7 {[%clk 0:32:01]}  Kxe7 {[%clk 0:56:57]} 20. g3 {[%clk 0:22:33]}  f6 {[%clk 0:52:22]} 21. Nxf6 {[%clk 0:15:49]}  Nxf6 {[%clk 0:52:18]} 22. exf6+ {[%clk 0:16:15]}  Kxf6 {[%clk 0:51:05]} 23. Kd2 {[%clk 0:15:35]}  Kf5 {[%clk 0:50:08]} 24. Ke3 {[%clk 0:04:01]}  g5 {[%clk 0:27:04]} 25. Nd2 {[%clk 0:08:31]}  Rf8 {[%clk 0:24:45]} 26. Ne4 {[%clk 0:06:23]}  Kg6 {[%clk 0:24:38]} 27. f3 {[%clk 0:06:28]}  Ne7 {[%clk 0:24:11]} 28. g4 {[%clk 0:05:02]}  Nd5+ {[%clk 0:24:33]} 29. Ke2 {[%clk 0:03:01]}  Rc8 {[%clk 0:23:08]} 30. Kd2 {[%clk 0:03:09]}  Rc4 {[%clk 0:24:05]} 31. Rh5 {[%clk 0:02:27]}  Rxd4+ {[%clk 0:24:27]} 32. Kc2 {[%clk 0:02:27]}  Nf6 {[%clk 0:22:26]} 33. Rxg5+ {[%clk 0:00:56]}  Kxh6 {[%clk 0:22:54]} 34. Re5 {[%clk 0:00:51]}  Nxe4 {[%clk 0:23:22]} 35. fxe4 {[%clk 0:00:19]}  Kg6 {[%clk 0:23:25]} 36. Kc3 {[%clk 0:01:16]}  Rd1 {[%clk 0:23:53]} 37. a4 {[%clk 0:00:45]}  Rg1 {[%clk 0:23:18]} 38. a5 {[%clk 0:00:48]}  Rxg4 {[%clk 0:23:36]} 39. axb6 {[%clk 0:00:44]}  axb6 {[%clk 0:24:05]} 40. Rb5 {[%clk 0:00:59]}  Rxe4 {[%clk 0:24:20]} 41. Rxb6 {[%clk 0:01:24]}  Kf6 {[%clk 0:23:42]} 42. b4 {[%clk 0:27:31]}  h5 {[%clk 0:53:53]} 43. Rb8 {[%clk 0:27:43]}  Ke7 {[%clk 0:54:07]} 44. Rh8 {[%clk 0:27:50]}  h4 {[%clk 0:53:56]} 45. Rh7+ {[%clk 0:27:35]}  Kd6 {[%clk 0:54:21]} 46. b5 {[%clk 0:27:45]}  Re5 {[%clk 0:54:33]} 47. Kc4 {[%clk 0:27:19]}  Kc7 {[%clk 0:53:52]} 48. b6+ {[%clk 0:27:12]}  Kc6 {[%clk 0:55:09]} 49. b7 {[%clk 0:27:11]}  Rc5+ {[%clk 0:55:32]} 50. Kd4 {[%clk 0:27:33]}  Rb5 {[%clk 0:55:58]} 51. Rxh4 {[%clk 0:27:05]}  Rxb7 {[%clk 0:56:17]} 52. Ke5 {[%clk 0:27:11]}  Rb5+ {[%clk 0:56:27]} 53. Kf6 {[%clk 0:27:35]}  Kd6 {[%clk 0:56:56]} 54. Rh1 {[%clk 0:26:19]}  Rf5 {[%clk 0:57:24]} 55. Kg6 {[%clk 0:26:43]}  Rf2 {[%clk 0:57:31]} 0-1